Onward - Characters by Picture - Statistics

General Stats
  • This quiz has been taken 19 times
  • The average score is 4 of 13
Answer Stats
Picture Answer % Correct
Ian Lightfoot
92%
Laurel Lightfoot
46%
The Manticore / Corey
46%
Wilden Lightfoot
38%
Barley Lightfoot
31%
Colt Bronco
31%
Gore
31%
Specter
23%
Avel
15%
Dewdrop
15%
Fenwick
15%
Gaxton
15%
Grecklin
15%
No matching quizzes found
Score Distribution
Percent of People with Each Score
Percentile by Number Answered
Your Score History
You have not taken this quiz